Investigation of Advanced Control for the Unified Power Flow Controller UPFC to Improve The Performance of Power Sytem (Record no. 66668)

MARC details
000 -LEADER
fixed length control field 00429nam a22001337a 4500
082 ## - DEWEY DECIMAL CLASSIFICATION NUMBER
Classification number R/IMS-20
100 ## - MAIN ENTRY--AUTHOR NAME
Personal name Asif Ali
-- 14MPE02
245 ## - TITLE STATEMENT
Title Investigation of Advanced Control for the Unified Power Flow Controller UPFC to Improve The Performance of Power Sytem
260 ## - PUBLICATION, DISTRIBUTION, ETC. (IMPRINT)
Place of publication Nawabshah
Name of publisher QUEST
Year of publication 2019
300 ## - PHYSICAL DESCRIPTION
Number of Pages 62
700 ## - ADDED ENTRY--PERSONAL NAME
Personal name Department of Electrical Engineering
856 ## - ELECTRONIC LOCATION AND ACCESS
Uniform Resource Identifier https://tinyurl.com/mrj9t672
942 ## - ADDED ENTRY ELEMENTS (KOHA)
Koha item type Thesis and Dissertation
Holdings
Withdrawn status Lost status Home library Current library Date acquired Full call number Accession Number Koha item type
    Research Section Research Section 20/11/2020 R/IMS-20 MP/61-788 Thesis and Dissertation
    Research Section Research Section 23/11/2023 R/IMS-20 MP/57-730 Thesis and Dissertation